Bảo đảm quyền con người trong các quyết định hành chính về bồi thường, hỗ trợ, tái định cư khi Nhà nước thu hồi đất /
Αποθηκεύτηκε σε:
| Κύριος συγγραφέας: | |
|---|---|
| Μορφή: | Άρθρο |
| Γλώσσα: | Vietnamese |
| Θέματα: | |
| Ετικέτες: |
Προσθήκη ετικέτας
Δεν υπάρχουν, Καταχωρήστε ετικέτα πρώτοι!
|
| Thư viện lưu trữ: | Thư viện Trường Đại học Đà Lạt |
|---|
| LEADER | 00880nam a2200277 4500 | ||
|---|---|---|---|
| 001 | DLU140162404 | ||
| 005 | ##20140722 | ||
| 040 | # | # | |a DLU |b vie |
| 041 | # | # | |a vie |
| 044 | # | # | |a vn |
| 100 | # | # | |a Cao Vũ Minh, |c Ths. |
| 245 | # | # | |a Bảo đảm quyền con người trong các quyết định hành chính về bồi thường, hỗ trợ, tái định cư khi Nhà nước thu hồi đất / |c Cao Vũ Minh. |
| 653 | # | # | |a Bồi thường |
| 653 | # | # | |a Hỗ trợ |
| 653 | # | # | |a Quyết định hành chính |
| 653 | # | # | |a Tái định cư |
| 773 | # | # | |t Luật học |g Số1(152), 2013, tr.41-51 |
| 920 | # | # | |a Phòng Tạp chí -- Trung tâm Thông tin - Thư viện Trường Đại học Đà Lạt |
| 994 | # | # | |a DLU |
| 900 | # | # | |a True |
| 911 | # | # | |a Nguyễn Thị Mai Anh |
| 925 | # | # | |a G |
| 926 | # | # | |a A |
| 927 | # | # | |a BB |
| 980 | # | # | |a Thư viện Trường Đại học Đà Lạt |